Представление документа в формате MARC21

Поле Инд. ПП Название Значение
Тип записи a
Библиографический уровень m
001 Контрольный номер fac75494-adc2-47de-a6c4-98875faf9e39
005 Дата корректировки 20111130123027.9
008 Кодируемые данные 990115 d
020 c Цена, тираж 3.00
040 a Служба первич. каталог. НБ ТвГУ
041 a Код языка текста rus
080 a Индекс УДК 331.526
084 a Индекс другой классификации/Индекс ББК У524.05
090 c Каталожный индекс У524.05
x Авторский знак Р24
a Полочн. индекс У524.0
242 a Перевод заглавия The promotion of self-employment
245 00 a Заглавие Распространение самостоятельной занятости
b Продолж. заглавия (Докл. МОТ) : [Реферат]
c Ответственность Рос. АН. ИНИОН
c Ответственность ИНИОН РАН
260 1_ a Место издания Москва
c Дата издания 1992
300 a Объем 19 с.
650 a Основная рубрика Экономика труда
x Основная подрубрика Занятость
653 a Ключевые слова Экономика труда
a Ключевые слова Занятость
852 t Порядковый номер экземпляра 1
p Инвентарный номер 642796
954 a Дата поступления на обработку 11.11.93
a Дата поступления на обработку 11.11.93
999 a Подразделение 2 кх.